<?xml version="1.0" encoding="UTF-8"?>
<marc:record xmlns:marc="http://www.loc.gov/MARC21/slim">
   <marc:leader>00000nam a2200000 a 4500</marc:leader>
   <marc:datafield ind1="1" ind2=" " tag="100">
      <marc:subfield code="a">Schaber, Susanne</marc:subfield>
      <marc:subfield code="4">aut</marc:subfield>
      <marc:subfield code="e">Verfasser/-in</marc:subfield>
   </marc:datafield>
   <marc:datafield ind1=" " ind2=" " tag="653">
      <marc:subfield code="a">Landeskunde</marc:subfield>
   </marc:datafield>
   <marc:datafield ind1=" " ind2=" " tag="653">
      <marc:subfield code="a">Reiseerzählungen/Europa</marc:subfield>
   </marc:datafield>
   <marc:datafield ind1=" " ind2=" " tag="653">
      <marc:subfield code="a">vicenca</marc:subfield>
   </marc:datafield>
   <marc:datafield ind1=" " ind2=" " tag="653">
      <marc:subfield code="a">Chioggia</marc:subfield>
   </marc:datafield>
   <marc:datafield ind1=" " ind2=" " tag="653">
      <marc:subfield code="a">Bassa Veronese</marc:subfield>
   </marc:datafield>
   <marc:datafield ind1=" " ind2=" " tag="653">
      <marc:subfield code="a">Italien</marc:subfield>
   </marc:datafield>
   <marc:datafield ind1=" " ind2=" " tag="653">
      <marc:subfield code="a">Schaber</marc:subfield>
   </marc:datafield>
   <marc:datafield ind1=" " ind2=" " tag="653">
      <marc:subfield code="a">Susanne Schaber</marc:subfield>
   </marc:datafield>
   <marc:datafield ind1=" " ind2=" " tag="653">
      <marc:subfield code="a">Venetien</marc:subfield>
   </marc:datafield>
   <marc:datafield ind1=" " ind2=" " tag="653">
      <marc:subfield code="a">Lesereise</marc:subfield>
   </marc:datafield>
   <marc:datafield ind1=" " ind2=" " tag="653">
      <marc:subfield code="a">Aufsatzsammlung</marc:subfield>
   </marc:datafield>
   <marc:datafield ind1=" " ind2=" " tag="653">
      <marc:subfield code="a">Reportagensammlung</marc:subfield>
   </marc:datafield>
   <marc:datafield ind1="0" ind2="0" tag="245">
      <marc:subfield code="a">Weit hinten lacht die Ewigkeit</marc:subfield>
   </marc:datafield>
   <marc:datafield ind1="0" ind2="0" tag="245">
      <marc:subfield code="b">Streifzüge durch Venetien</marc:subfield>
   </marc:datafield>
   <marc:datafield ind1="0" ind2="0" tag="245">
      <marc:subfield code="c">Susanne Schaber</marc:subfield>
   </marc:datafield>
   <marc:datafield ind1=" " ind2="1" tag="264">
      <marc:subfield code="a">Wien</marc:subfield>
      <marc:subfield code="b">Picus-Verl.</marc:subfield>
      <marc:subfield code="c">2009</marc:subfield>
   </marc:datafield>
   <marc:datafield ind1="1" ind2=" " tag="490">
      <marc:subfield code="a">Picus Lesereisen</marc:subfield>
   </marc:datafield>
   <marc:datafield ind1="1" ind2=" " tag="520">
      <marc:subfield code="a">Angaben aus der Verlagsmeldung

Weit hinten lacht die Ewigkeit. Streifzüge durch Venetien / von Susanne Schaber

Arkadien liegt anderswo, jenseits des Horizonts. Doch Venetien könnte seine kleine Schwester sein: mit den bizarren Felsformationen der Dolomiten, den Hügeln voller Weinberge, Olivenbäume und Zypressen, den berühmten Villen des Veneto. Landgüter, wie geschaffen für den Müßiggang, mit barocken Gärten und Labyrinthen, mit Terrassen, Loggien und Säulengängen. Hier haben Palladio, Veronese und Tiepolo gewirkt und Meisterwerke hinterlassen. Dazu Venedig, das Meer und die Lagune: Inseln und
Sandbänke, auf denen die Reiher und Flamingos nisten, Untiefen und flache Seen, Wasserspiegelungen, die von der großen Geschichte dieses Landstrichs erzählen. Susanne Schaber spürt dem venezianischen Alltag nach und folgt den Gassen des Ghetto, sie wandert durch die Euganeischen Hügel und lernt dort Glück und Leid der Villenbesitzer kennen. Sie spricht mit den Studierenden in
Padua und den Lagunenfischern von Chioggia, besichtigt eine Reismühle im Süden Veronas und steigt auf die Rocca di Asolo, um dann vom Cimabanche-Pass und Cortina d’Ampezzo kommend südwärts zu radeln. Venetien, ein vielstimmiger Landstrich zwischen Bergen und Meer: Arkadien liegt näher, als man denkt.

Erkundungen von Venedig und seinem Hinterland, zwischen Bergen und Lagune
</marc:subfield>
   </marc:datafield>
   <marc:datafield ind1=" " ind2=" " tag="020">
      <marc:subfield code="a">9783854529545</marc:subfield>
      <marc:subfield code="9">9783854529545</marc:subfield>
   </marc:datafield>
   <marc:datafield ind1=" " ind2=" " tag="041">
      <marc:subfield code="a">ger</marc:subfield>
   </marc:datafield>
   <marc:datafield ind1=" " ind2=" " tag="300">
      <marc:subfield code="a">130 S.</marc:subfield>
   </marc:datafield>
</marc:record>
